| 000 | 00295nam a2200121Ia 4500 | ||
|---|---|---|---|
| 008 | 240731s9999 xx 000 0 und d | ||
| 022 | _a1545-2298 | ||
| 245 | 0 | _aChild & Youth Services | |
| 260 | _bRoutledge | ||
| 856 | _uhttps://www.tandfonline.com/loi/wcys20 | ||
| 942 | _2ddc | ||
| 942 | _cTFEJ | ||
| 999 |
_c75820 _d75820 |
||
| 945 |
_a1 _bMadushi Gamage _c1 _dMadushi Gamage |
||